| 000 | 00615nam a2200181Ia 4500 | ||
|---|---|---|---|
| 008 | 090124s9999 xx 000 0 und d | ||
| 082 | _b129956 | ||
| 100 | _aकवठेकर द. र. (दत्त रघुनाथ) | ||
| 245 | _a आभाळाची सावली | ||
| 250 | _a1 | ||
| 260 | _c2001 | ||
| 300 | _a396 | ||
| 600 | _aकवठेकर द. र. (दत्त रघुनाथ) | ||
| 630 | _a आभाळाची सावली | ||
| 700 | _aकवठेकर द. र. (दत्त रघुनाथ) | ||
| 730 | _a आभाळाची सावली | ||
| 942 | _cBOOK | ||
| 999 |
_c176045 _d176045 |
||